Veterinářka z ostrova - Piráti a mořské příšery

Saved in:
Bibliographic Details
Main Author Lewisová, Gill
Other Authors Irina Avgustinovichová
Format Electronic eBook
LanguageCzech
Published Bambook 2026
Edition1. elektronické vydání
Subjects
Online AccessDostupné v BOOKPORT po přihlášení pomocí eduID
ISBN978-80-271-8472-9
978-80-271-5843-0
Physical Description1 online zdroj (72 stran)

Cover

LEADER 00000nam a2200000 i 4500
001 bkp14937
003 CZ-prgp
005 20260407112622.0
006 m o d
007 cr cn
008 260407s2026 xr o 000 0 cze
020 |a 978-80-271-8472-9  |c 212 Kč  |q (online ; pdf) 
020 |a 978-80-271-5843-0  |c 253 Kč  |q (print) 
040 |a Grada  |b cze  |e rda 
100 1 |a Lewisová, Gill 
245 1 0 |a Veterinářka z ostrova - Piráti a mořské příšery  |c Gill Lewisová, Irina Avgustinovichová 
250 |a 1. elektronické vydání 
264 1 |b Bambook  |c 2026 
300 |a 1 online zdroj (72 stran) 
336 |a text  |b txt  |2 rdacontent 
337 |a počítač  |b c  |2 rdamedia 
338 |a online zdroj  |b cr  |2 rdacarrier 
520 3 |a Když se Terčina maminka stane veterinářkou na malém ostrově, začíná pro Terku vysněné dobrodružství. Nový domov u moře jí brzy přivede první zvířecí pacienty. Když však udeří bouře a maminka musí odjet, Terka zůstává sama. Dokáže se o zvířata postarat - a překonat strach z mořských příšer? 
650 0 4 |a Příběhy, deníky 
700 1 |a Irina Avgustinovichová 
856 4 0 |u https://www.bookport.cz/AccountSaml/SignIn/?idp=https://shibboleth.utb.cz/idp/shibboleth&returnUrl=/kniha/veterinarka-z-ostrova-pirati-a-morske-prisery-15901/  |y Dostupné v BOOKPORT po přihlášení pomocí eduID